| 000 | 00726nam a22002292a 4500 | ||
|---|---|---|---|
| 001 | 16469 | ||
| 003 | BD-RjUL | ||
| 005 | 20211209000019.0 | ||
| 008 | 140213s1958 enka 000 0 eng d | ||
| 035 |
_a(BD-RjUL)16524 _aOCLC ocm13685093 from D951003M |
||
| 040 |
_aCOW _cCOW _dEQO _dBD-RjUL _beng |
||
| 041 | _aeng | ||
| 082 | 0 | 0 |
_220 _a796.3332 _bHAR 1958 |
| 100 | 1 |
_aHankinson, J. T. _q(John Trevor) _950919 |
|
| 245 | 1 | 0 |
_aRugby football for schools / _cJ. T. Hankinson; photographs taken by C. B. Canning and Y. E. S. Kirkpatrick |
| 250 | _a2d ed. | ||
| 260 |
_aLondon : _bAllen & Unwin, _c1958. |
||
| 300 |
_a171 p. : _bill. ; _c20 cm. |
||
| 650 | 0 |
_aRugby football. _950920 |
|
| 942 |
_2ddc _cBK |
||
| 999 |
_c16469 _d16469 |
||